| 000 | 00973nam a2200253Ia 4500 | ||
|---|---|---|---|
| 003 | OSt | ||
| 005 | 20221002050353.0 | ||
| 006 | a|||||r|||| 00| 0 | ||
| 007 | ta | ||
| 008 | 220930b |||||||| |||| 00| 0 hin d | ||
| 020 |
_a9789382658030 (hbk (set)) _c13990 |
||
| 024 | _a15688 | ||
| 037 |
_bBL171, 07/01/2015, K. K. Publications _cReference Collections |
||
| 040 |
_aCRL _cCRL _bhin |
||
| 041 |
_2hin _ahin |
||
| 082 | _aO44,1(S:5)k, 152Q4.1-.29(RR) | ||
| 100 | _aगौतम, सुरेश, संपा. | ||
| 245 | 0 | _aभारतीय लोरी साहित्य कोश | |
| 260 |
_aदिल्ली _b दिव्यम् प्रकाशन _c2014 |
||
| 490 | _vखंड 1 | ||
| 650 | _aहिन्दी साहित्य | ||
| 942 |
_hO44,1(S:5)k, 152Q4.1-.29(RR) _cref _2CC |
||
| 999 |
_c914461 _d914461 |
||